Soluble and nilpotent linear groups / (Record no. 6581)
[ view plain ]
| 000 -LEADER | |
|---|---|
| fixed length control field | 00983cam a22003011 4500 |
| 001 - CONTROL NUMBER | |
| control field | 6581 |
| 003 - CONTROL NUMBER IDENTIFIER | |
| rucl marc code | BD-RjUL |
| 005 - DATE AND TIME OF LATEST TRANSACTION | |
| control field | 20211208234255.0 |
| 008 - FIXED-LENGTH DATA ELEMENTS--GENERAL INFORMATION | |
| fixed length control field | 140111s1963 riu b 000 0 eng |
| 035 ## - SYSTEM CONTROL NUMBER | |
| System control number | (BD-RjUL)6622 |
| 040 ## - CATALOGING SOURCE | |
| Original cataloging agency | DLC/ICU |
| Transcribing agency | ICU |
| Modifying agency | BD-RjUL |
| Language of cataloging | eng |
| 041 1# - LANGUAGE CODE | |
| Language code of text/sound track or separate title | engrus |
| 082 00 - DEWEY DECIMAL CLASSIFICATION NUMBER | |
| Classification number | 512.2 |
| Author mark and year | SUS 1963 |
| 100 1# - MAIN ENTRY--PERSONAL NAME | |
| Personal name | Suprunenko, D. A. |
| Fuller form of name | (Dmitriĭ Alekseevich) |
| 9 (RLIN) | 20710 |
| 245 10 - TITLE STATEMENT | |
| Title | Soluble and nilpotent linear groups / |
| Statement of responsibility, etc. | D. A. Suprunenko, Translated by K.A. Hirsch |
| 260 ## - PUBLICATION, DISTRIBUTION, ETC. (IMPRINT) | |
| Place of publication, distribution, etc. | Providence : |
| Name of publisher, distributor, etc. | American Mathematical Society, |
| Date of publication, distribution, etc. | c1963. |
| 300 ## - PHYSICAL DESCRIPTION | |
| Pagination | 93 p. ; |
| Size | 23 cm. |
| 490 1# - SERIES STATEMENT | |
| Series statement | Translations of mathematical monographs, |
| Volume/sequential designation | v. 9 |
| 504 ## - BIBLIOGRAPHY, ETC. NOTE | |
| Bibliography, etc | Include bibliography. |
| 650 #0 - SUBJECT ADDED ENTRY--TOPICAL TERM | |
| Topical term or geographic name as entry element | Group theory. |
| 9 (RLIN) | 20343 |
| Topical term or geographic name as entry element | Nilpotent groups. |
| 9 (RLIN) | 20711 |
| 830 #0 - SERIES ADDED ENTRY--UNIFORM TITLE | |
| Volume number/sequential designation | v. 9. |
| Uniform title | Translations of mathematical monographs ; |
| 942 ## - ADDED ENTRY ELEMENTS (KOHA) | |
| Source of classification or shelving scheme | Dewey Decimal Classification |
| Koha item type | Books |
| Lost status | Source of classification or shelving scheme | Damaged status | Not for loan | Collection code | Permanent Location | Current Location | Date acquired | Source of acquisition | Cost, normal purchase price | Total Checkouts | Full call number | Date last seen | Copy number | Koha item type |
|---|---|---|---|---|---|---|---|---|---|---|---|---|---|---|
| Dewey Decimal Classification | Not For Loan | Non-fiction | Central Library, University of Rajshahi | Central Library, University of Rajshahi | 16/11/2065 | Zitlinger | 40.00 | 512.2 SUS 1963 | 11/01/2014 | C-1 | Books |